Регионална библиотека "Любен Каравелов" - Русе

В лабиринта на времето (Запис номер 171384)

MARC детайли
000 -Лидер
Контролно поле с фиксирана дължина 01581nam a2200349 a 4500
003 - Код на организацията, давaща контролен номер
Контролно поле BLK
005 - Дата и час на последна редакция
Контролно поле 20230713005232.0
008 - Елементи от данни с фиксирана дължина
fixed length control field 180411b bul|||||r ||||||| ||bul||
010 ## - Наследен системен номер
LC control number KNG00179647000
040 ## - Източник на каталожния запис
Идентификатор на билиотеката - собственик на записа BLK
041 ## - Код за език
Код за езика на текст/звукозапис или на отделно заглавие Български
Код за езика КДБФ Български
080 ## - УДК
Текстов определител УДК Издания за деца и юноши. Книжки-картинки. Читанки. Вж и 372.4
УДК код - определител по УДК 087.5
УДК - код + определител 087.5
100 1# - Редна дума - Автор
Автор Уолъмбъри, Колин
Авторска отговорност първи автор
Автор - информация (биография) Николов, Любомир Славов
R(LIN) 133000
139 ## - Редно поле
Редна дума Николов, Любомир Славов
Авторски знак Николо - Н 74
245 10 - Сведения за заглавието
Заглавие В лабиринта на времето
Подзаглавни данни Кн.-игра за юноши
Редно поле (дума) * Любомир Славов Николов; Колин Уолъмбъри; худож. Никифор Русков.
257 ## - Страна на издаване
Страна на създаване/издаване България
260 ## - Област на издателските данни
Място на издаване, разпространение и проч. София
Име на издателя, разпространителя и проч. Плеяда
Година на издаване 1992
Печатница Перник : Полиграф
300 ## - Физическа характеристика
Страници 154 с.
Илюстрации и др. с ил.
Размери/Мащаб 20 см
380 ## - Жанр
Жанр Общ отдел
500 ## - Общи забележки
Забележка Колин Уолъмбъри - псевд. на бълг. авт. Любомир Славов Николов.
650 #4 - Допълнително описание по предмет – тема
Основно описание – тема или топоним Книги-игри
9 (RLIN) 158798
653 ## - Ключова дума – ненормативна
Ключова дума книги-игри
700 1# - Други автори (авторска отговорност)
Лично име Русков, Никифор
Автороска отговорност (Описва отношението между автора и произведението) худож.
9 (RLIN) 364263
700 ## - Други автори (авторска отговорност)
Лично име Николов, Любомир Славов, 1950 -
Автороска отговорност (Описва отношението между автора и произведението) *
9 (RLIN) 242031
852 ## - Местоположение
Форматна сигнатура Цб 170764
Фондова буква Хранилище
856 4# - Електронен адрес и достъп
Електронен формат pdf - файл
Инструкция (цена за достъп) 0.00
Права за достъп disable
856 4# - Електронен адрес и достъп
Електронен формат pdf - файл
Инструкция (цена за достъп) 0.00
Права за достъп disable
999 ## - СИСТЕМНИ КОНТРОЛНИ НОМЕРА
Koha biblionumber 171384
Koha biblioitemnumber 171384
942 ## - АРТИКУЛИ
Вид на библиотечния материал Книги
Скрит в OPAC Не
Koha issues (borrowed), all copies 1
Периодичен библиозапис Да
944 ## - СЪЗДАВАНЕ И РЕДАКЦИЯ на ЗАПИСА
Създаване/Редакция Създаване
Дата на регистрацията/редакция 12.08.2015
Статус, дата на статуса CRON CRON
Служител, извършил регистрацията/редакцията
944 ## - СЪЗДАВАНЕ И РЕДАКЦИЯ на ЗАПИСА
Създаване/Редакция Редакция
Дата на регистрацията/редакция 09.02.2017
Статус, дата на статуса ф /
Служител, извършил регистрацията/редакцията Людмила_Стоянова
999 ## - СИСТЕМНИ КОНТРОЛНИ НОМЕРА
Koha biblioitemnumber 171384
Наличности
Код за отписване Код за изгубен артикул Източник на класификационната схема Код за повреда Коз за рестрикции Код за отдаване Артикулен № Име на библиотеката - собственик Име на библиотеката, в която се намира в момента Статус (Текущо местоположение) Дата на вписване в системата Местоположение - отдел Цена в лева Инвентарен номер Систематично азбучна сигнатура Баркод Номер на екземпляра Цена в евро Служебна бележка Служебен тип на артикула
  Не е изгубен Universal Decimal Classification Не е повреден без рестрикции ползва се в читалня 291384 Регионална библиотека "Любен Каравелов" Русе Регионална библиотека "Любен Каравелов" Русе Хранилище 1992-01-01 Хранилище 13.50 574295 Цб 170764 120000574295 1 6.90 Дост: Dp Вид: Д N: стар фонд Дата: 01.01.1992 Книги
Изтеглен Не е изгубен Universal Decimal Classification Не е повреден без рестрикции заемане за дома 291385 Регионална библиотека "Любен Каравелов" Русе Регионална библиотека "Любен Каравелов" Русе Детски отдел 1992-01-01 Детски отдел 1.35 641250 ДН 0/Н 74 641250 2 0.69 Дост: Pk Вид: Ф N: стар фонд Дата: 01.01.1992 Дата инв: 25.09.2015 Бележки инв: Д2015 Книги
  Не е изгубен   Не е повреден без рестрикции заемане за дома 291386 Регионална библиотека "Любен Каравелов" Русе Регионална библиотека "Любен Каравелов" Русе Детски отдел 2016-01-28 Детски отдел 13.00 120000797194 ДН 0/Н 74 120000797194 3 6.65 Дост: DA Вид: А N: 4 Дата: 28.01.2016 Книги
Vip Innovations Ltd, Rousse, Bulgaria 2025